000 00377nam a2200145Ia 4500
100 _aBall/ Marrions J/ Weaver/C.A
650 _aHealth care Information
942 _cBK
245 _aHealth care Information Management systems:Cases
260 _bHealth Informatics Series
_c2009
082 _a362.1068
_bBAL
300 _a756
546 _aENGLISH
_cPAMPHALETS
999 _c18443
_d18443